Revisiting land acquisition and urban process / (Record no. 146644)

MARC details
000 -LEADER
fixed length control field 00635nam a22001937a 4500
005 - DATE AND TIME OF LATEST TRANSACTION
control field 20171016111237.0
010 ## - LCCN (DPL NO)
LC control number ENG-120996
020 ## - INTERNATIONAL STANDARD BOOK NUMBER
International Standard Book Number 93501838476
Terms of availability 1599.00
035 ## - SYSTEM CONTROL NUMBER
System control number EN-104528
037 ## - SOURCE OF ACQUISITION
Source of stock number/acquisition DBAD/PUB
082 ## - DEWEY DECIMAL CLASSIFICATION NUMBER
Classification number 307.760954
100 ## - MAIN ENTRY--PERSONAL NAME
Personal name Jain, A.K.
245 ## - TITLE STATEMENT
Title Revisiting land acquisition and urban process /
Statement of responsibility, etc by A.K.Jain
260 ## - PUBLICATION, DISTRIBUTION, ETC. (IMPRINT)
Place of publication, distribution, etc New Delhi
Name of publisher, distributor, etc Readworthy Publications
Date of publication, distribution, etc 2014
270 ## - ADDRESS
Address D-1, Mohan Garden, Near Abhinandan Party Place
City New Delhi
Postal code 110059
300 ## - PHYSICAL DESCRIPTION
Extent xxi,388p. :
Dimensions 23cm(Hb)
Other physical details ill. (Map)
500 ## - GENERAL NOTE
General note Includes Bibliographical and Index
942 ## - ADDED ENTRY ELEMENTS (KOHA)
Source of classification or shelving scheme Dewey Decimal Classification
Item type English Books
Classification part 307.760954
Call number suffix JAI
Holdings
Withdrawn status Lost status Not for loan Collection code Home library Current library Date acquired Source of acquisition Cost, normal purchase price Full call number Barcode Copy number Cost, replacement price Koha item type
      Non-fiction Narela Narela 16/10/2017 DBAD/PUB 1599.00 307.760954 JAI EN-104528 1 1599.00 English Books

© Delhi Public Library
Hit Counter
free hit counter